Kepentingan obstetrik dan ginekologi sosial dan klinikal

Bibliographic Details
Main Author: Khairuddin Yusof
Format: Book
Published: Kuala Lumpur : DBP , 1987
Subjects:

MARC

LEADER 00000cam a2200000 7i4500
001 0000009715
002 000010580
005 20000330.0
020 |a T000000807 
090 0 0 |a 618   |b KHA 
100 0 |a Khairuddin Yusof   |f Prof Dr 
245 1 0 |a Kepentingan obstetrik dan ginekologi sosial dan klinikal   |c Prof.Dr.Khairuddi Yusof 
260 |a Kuala Lumpur :   |b DBP ,   |c 1987 
300 |a 335p. :   |b ill ;   |c 22cm. 
650 0 0 |a Gynecology 
650 0 0 |a Obstetrics 
999 |a 0003519   |b BUKU   |c PINJAMAN   |e PERPUSTAKAAN KOMUNITI PETALING JAYA